عرض عادي
عرض مارك
- Robinson, James C.
مدخل إسم شخص
001 - رقم الضبط
- حقل الضبط: 14532
003 - معرف رقم الضبط
- حقل الضبط: OSt
005 - تاريخ ووقت أخر عملية
- حقل الضبط: 20120520172855.0
008 - عناصر بيانات ثابتة الطول
- حقل تحكم ثابت الطول: 120520|||a|||||| | ||| d
040 ## - مصدر الفهرسة
- هيئة الفهرسة الأصلية: OSt
- وكالة الكتابة: OSt
100 ## - مدخل -- أسم شخص
- إسم شخص: Robinson, James C.
- الشكل الكامل للاسم: (James Cooper),
- تواريخ مرتبطة بالاسم: 1969-
670 ## - بيانات المصدر موجوده
- الاستشهاد بالمصدر: Work cat.: (OSt)24260: Robinson, James C. (James Cooper), 1969-, Dimensions, embeddings, and attractors /, 2011, p3s2011.
